000 00302nam a22001337a 4500
008 181204b xxu||||| |||| 00| 0 eng d
020 _a0813422914
041 _aeng
080 _a336
100 _a56
101 _aFIN
245 _aFinancial Management in Agriculture
_cBarry,c.b
942 _2udc
_cBK
999 _c52754
_d52754